[Event "POL-chT DMP Ekstraliga 2019"]
[Site "Katowice"]
[Date "2019.09.05"]
[Round "9.29"]
[White "Gazik, Viktor"]
[Black "Jakubowski, Krzysztof"]
[Result "1-0"]
[WhiteElo "2537"]
[BlackElo "2518"]
[Annotator "TA"]
[PlyCount "91"]
[EventDate "2019.08.28"]
[EventType "team-tourn"]
[EventCountry "POL"]
[SourceTitle "playchess.com"]
[Source "ChessBase"]
[SourceQuality "1"]

{[%evp 11,91,-8,33,13,27,0,0,-6,-8,-10,-3,-8,0,0,0,0,0,-32,-28,-33,0,0,-11,-7,0,0,0,0,0,0,85,0,110,99,89,31,109,104,130,59,79,70,66,70,68,73,50,70,63,72,110,106,179,185,201,187,234,218,218,217,388,340,270,398,397,380,364,356,437,433,419,416,479,496,759,650,1407,1356,2439,3007,5181,4694]} 1. e4 e5 2. Nf3 Nc6 3. c3 Nf6 4. d4 exd4 5. e5 Ne4 6. cxd4 d5 7. Bb5 {C44: Ponziani Opening and Scotch Gambit} Bd7 (7... Be7 8. O-O O-O 9. Be3 Bg4 10. h3 Bh5 11. Nc3 Nxc3 12. bxc3 Na5 13. g4 Bg6 14. Nd2 {1-0 (40) Vachier Lagrave,M (2793)-Melkumyan,H (2654) chess.com INT 2018}) 8. Ba4 Bb4+ 9. Bd2 $146 {The position is equal.} ({Predecessor:} 9. Nbd2 O-O 10. O-O Bxd2 11. Nxd2 Nxd2 12. Bxd2 Nxd4 13. Bxd7 Qxd7 14. Bb4 {½-½ (54) Saunders,J (2200)-Hadzimanolis,A (2198) Birmingham 1999}) 9... Nxd2 10. Nbxd2 O-O 11. Bxc6 Bxc6 12. O-O a5 {[%cal Ba7a5,Ba5a4,Ba4a3][%mdl 32]} 13. Re1 a4 14. Re3 (14. a3 $5 {[%cal Ra3b4]} Ba5 15. Re3 $11) 14... a3 15. b3 Re8 16. Rc1 Bd7 17. Ne1 b6 18. Nd3 Be7 19. Rg3 Bh4 20. Re3 Bb5 (20... Be7 $11 {keeps the balance.}) 21. Qg4 (21. Nf3 $16) 21... Re6 (21... Bd7 $1 $11 22. Qf3 Bg5) 22. Nf4 $16 Rh6 23. e6 ({Better is} 23. g3 $16 Bd7 24. Qf3) 23... fxe6 (23... f5 $1 $14 24. Qxf5 Bxf2+ {[%mdl 64] Decoy} 25. Kxf2 Qh4+ {[%mdl 64] Double Attack} 26. g3 Qxh2+ 27. Kf3 Rf8 28. Qxd5 c6 29. e7+ (29. Qg5 Qxd2 {[%mdl 64] Double Attack} 30. Rce1 Qxd4 $17) 29... cxd5 30. exf8=Q+ Kxf8 31. Rc8+ Kf7 32. Rc7+ Kf8 33. Rc8+ Kf7 34. Rc7+ Kg8 35. Rc8+ Kf7) 24. Nxe6 $40 {[%csl Ge6][%cal Rg4g7][%mdl 128] White goes for the king.} Qf6 25. Nf3 (25. Qf3 $16) 25... Bd7 $14 {[%cal Rd7e6]} 26. Rxc7 Rc8 27. Rxc8+ Bxc8 28. Qf4 {Hoping for Qb8!} Bxe6 29. Qxf6 Rxf6 30. Nxh4 $16 {[%mdl 4096] Endgame KRB-KRN} Bg4 31. h3 $1 {[%cal Rh3g4]} g5 (31... Bd1 $16 {might work better.}) 32. hxg4 $18 gxh4 {KR-KR} 33. f3 Rc6 {[#]} 34. Re8+ $1 Kf7 {[#]} 35. Ra8 $1 Rc1+ $2 (35... Kg6 36. Rxa3 h5) 36. Kh2 Rd1 37. Rxa3 Rxd4 38. Ra7+ Kg6 39. Rb7 Kg5 40. Rxb6 Kf4 41. Rh6 Ke3 42. Rxh4 {White is clearly winning.} Kf2 (42... Rd2 $142 43. Rxh7 Rxa2) 43. Rxh7 Rd1 44. Rd7 d4 45. f4 d3 46. g5 {Accuracy: White = 74%, Black = 44%.} 1-0

[Event "POL-chT DMP Ekstraliga 2019"]
[Site "Katowice"]
[Date "2019.09.05"]
[Round "9.30"]
[White "Buksa, Nataliya"]
[Black "Socko, Monika"]
[Result "1/2-1/2"]
[WhiteElo "2406"]
[BlackElo "2436"]
[Annotator "TA"]
[PlyCount "103"]
[EventDate "2019.08.28"]
[EventType "team-tourn"]
[EventCountry "POL"]
[SourceTitle "playchess.com"]
[Source "ChessBase"]
[SourceQuality "1"]

{[%evp 9,103,20,28,23,26,25,26,26,25,26,26,23,22,12,18,18,22,17,30,33,38,15,0,14,10,-10,0,0,-2,-52,0,0,0,0,-8,-52,-63,-79,-64,-140,-151,-269,-116,-148,-73,-117,-75,-75,-32,-75,-75,-253,-254,-272,-263,-571,-539,-814,-783,-1257,-782,-768,-756,-730,-681,-699,-679,-756,-714,-591,-141,-156,0,0,0,-108,0,0,0,0,0,0,0,0,0,0,0,0,0,0,0,0,0,0,0,0]} 1. e4 c6 2. d4 d5 3. e5 Bf5 4. Nd2 e6 5. Nb3 c5 {[%mdl 64] Decoy} 6. dxc5 {B12: Caro-Kann: Advance Variation} Bxc5 7. Nxc5 Qa5+ 8. c3 {White has an edge.} Qxc5 9. Be3 Qc7 10. f4 Ne7 11. Nf3 $146 ({Predecessor:} 11. Be2 O-O 12. Nf3 {½-½ (51) Leko,P (2690)-Praggnanandhaa,R (2519) Douglas 2018}) 11... Nbc6 12. Be2 O-O 13. O-O f6 14. exf6 Rxf6 15. b4 Be4 16. Ng5 Nf5 17. Nxe4 (17. Qc1 {feels hotter.} Rc8 18. g4 Nxe3 19. Qxe3 Ne7 20. c4) 17... dxe4 18. Qc1 Nce7 19. Bc5 b6 20. Bxe7 $1 Nxe7 21. c4 Raf8 $36 {[%cal Rf6f4][%mdl 2048] Black has some pressure.} 22. g3 e5 {[%cal Re5f4]} 23. Qe3 exf4 24. Qxe4 (24. Rxf4 $15 Rxf4 25. gxf4) 24... fxg3 $17 25. h4 (25. Bd3 $17 gxh2+ 26. Kh1 Rxf1+ 27. Rxf1 Rxf1+ 28. Bxf1) 25... g6 (25... Rf2 $1 $19 {and Black stays clearly on top.} 26. c5 Ng6) 26. Rad1 Nf5 ({Better is} 26... Rf2 {...a5 is the strong threat.} 27. h5 a5) 27. h5 Kg7 28. Bg4 R8f7 {Hoping for ...Re7.} 29. Bxf5 gxf5 30. Qd4 $2 (30. Qf4 $17 {was worth a try.}) 30... f4 $19 31. Rd3 Kh6 $1 32. c5 $2 (32. Rxg3 Rd6 33. Qf2) 32... Qe7 33. cxb6 axb6 (33... Qe2 34. Rxg3 $1 {[%mdl 512]} axb6 35. Rg2 $15) 34. a4 Qe6 ({Less strong is} 34... Qe2 35. Rxg3 $1 {[%mdl 512]} Rf5 36. Rg2 $17) 35. Rdf3 Qh3 {[%csl Gg3][%cal Rh3h2]} 36. Qd2 Kxh5 37. a5 bxa5 38. bxa5 Qh4 39. Re1 g2 $2 (39... Kh6 $19 {is more deadly.} 40. Rc1 Rg7) 40. Qc3 $17 {[#] Threatens to win with Rh3.} Qh1+ $2 (40... Rc7 $1 $17 {[%cal Rc7c3][%mdl 512]} 41. Qe5+ (41. Qxc7 Qxe1+) 41... Kg6 42. Qxc7 Qxe1+ 43. Kxg2 Qe4) 41. Kf2 $11 Qh4+ ({Black should play} 41... Kh4 $11 42. Rg1 Rg6) 42. Kg1 $17 {[#] aiming for Rh3.} Kg6 (42... Rc7 $1 $17 {[%cal Rc7c3][%mdl 512]} 43. Qe5+ (43. Qxc7 Qxe1+) 43... Kg6 44. Qxc7 Qxe1+ 45. Kxg2 Qe4) 43. Rh3 $11 {The position is equal.} Qg4 {White must now prevent ...f3.} 44. Qc2+ Qf5 45. Qxg2+ Qg5 46. Re5 {[%csl Gg2][%cal Re5g5]} Qxg2+ 47. Kxg2 Rf5 48. Rxf5 Kxf5 {KR-KR} 49. Kf3 Kg5 50. Rh2 Ra7 51. Rg2+ Kf5 52. Rh2 {Accuracy: White = 52%, Black = 55%.} 1/2-1/2